000 01649nam0a22003851i 4500
001 RU\NLR\bibl\1903223
005 20241105005051.0
010 _a9785396004467
021 _aRU
_b2012-29682
_92203
035 _a(NLR Aleph) 001892831
090 _a2943123
_c2943123
100 _a20120515d2012 u y0rusy50 ca
101 0 _arus
_aeng
102 _aRU
105 _aa |||||||||
200 1 _aСовременный Китай в системе международных отношений
_f[А.А. Киреев, Ж.В. Петрунина, К.Р. Вода и др.]
_gотв. ред.: к.филол.н. Д.В. Буяров
210 _aМосква
_cКРАСАНД
_cURSS
_d2012
215 _a279 с.
_cил.
_d22
300 _aАвт. указаны в содерж.
300 _aЧасть текста на англ. яз.
320 _aБиблиогр. в подстроч. примеч.
607 _aКитайская Народная Республика
_xВнешняя политика
_z1990 - 2000-ые гг.
_92104831
_3RU\NLR\auth\661576241
686 _aТ3(5Кит)72-6
701 1 _aКиреев
_bА. А.
_gАлексей Александрович
_4070
701 1 _4070
_aПетрунина
_bЖ. В.
_f1971-
_gЖанна Валерьяновна
_9143360
_3RU\NLR\AUTH\770143396
701 1 _aВода
_bК. Р.
_4070
702 1 _aБуяров
_bД. В.
_gДмитрий Владимирович
_4340
801 0 _aRU
_bNLR
_c20120515
_gRCR
801 1 _aRU
_bNLR
_c20120515
852 _aNLR
_bОЛСАА-сл-спр
_j3-5424
942 _cBOOK
980 _aNBR
980 1 _aSL_SPR